LEADER 01347cam0-22003971i-450- 001 990000202070403321 005 20050912115600.0 035 $a000020207 035 $aFED01000020207 035 $a(Aleph)000020207FED01 035 $a000020207 100 $a20020821g19551956km-y0itay50------ba 101 0 $aita 102 $aIT 105 $ay-------001yy 200 1 $aElezione della Camera dei deputati$e7 giugno 1953$fIstituto centrale di statistica, Ministero dell'interno 210 $aRoma$cIstituto Poligrafico dello Stato$d1955-1956 215 $av.$d26 cm 327 0 $a1.: Legislazione elettorale, certificati, elettori, votanti, risultati per comune desunti dai verbali elettorali di sezione. - 1955$a2.: Voti di lista e voti di preferenza, candidati ed eletti. - 1956 610 0 $aItalia$aElezioni politiche$a1953 610 0 $aElezioni$aItalia$a1953 - statistica 676 $a324.45 676 $a324.945021 710 02$aIstat 711 01$aItalia.$bMinistero dell'interno 801 0$aIT$bUNINA$gRICA$2UNIMARC 901 $aBK 912 $a990000202070403321 952 $aXVI F 55$b47754$fFGBC 952 $a13 K 33 36$b22806$fFINBC 952 $aCDI-SEC53-II-42$b8513$fMAS 952 $aCDI-SEC53-I-42$b8512$fMAS 952 $a13 K 33 35$b23048$fFINBC 959 $aFINBC 959 $aFGBC 997 $aUNINA LEADER 01232nam0 22002891i 450 001 UON00190409 005 20231205103212.382 010 $a29-08-29517-2 100 $a20030730d1993 |0itac50 ba 101 $afre 102 $aFR 105 $a|||| ||||| 200 1 $aChronique des Cahiers du sud, 1914-1966$fAlain Paire$gpréface de Jean Duvignaud 210 $aParis$cImec$dc1993. 410 p.$d16 c. di tav. ; 24 cm 215 $a 2 copie 606 $aCAHIERS DU SUD (Rivista)$3UONC039231$2FI 620 $aFR$dParis$3UONL002984 676 $a074$cGiornalismo e giornali in Francia e nel Principato di Monaco$v21 700 1$aPAIRE$bAlain$3UONV111937$0537577 702 1$aDUVIGNAUD$bJean$3UONV032444 712 $aIMEC$3UONV266034$4650 801 $aIT$bSOL$c20240220$gRICA 912 $aUON00190409 950 $aSIBA - SISTEMA BIBLIOTECARIO DI ATENEO$dSI Francese VI C 100 $eSI LO 57332 5 100 950 $aSIBA - SISTEMA BIBLIOTECARIO DI ATENEO$dSI Francese VI C 100 bis $eSI LO 57657 5 100 bis 996 $aChronique des Cahiers du sud, 1914-1966$91293167 997 $aUNIOR